000 00607nam a2200217Ia 4500
003 OSt
005 20221005124416.0
006 a|||||r|||| 00| 0
007 ta
008 221004b |||||||| |||| 00| 0 eng d
024 _a65487
037 _cTextual
040 _aCRL
_cCRL
_beng
041 _2eng
_aeng
082 _aV49:21wH36x, A
245 0 _aMulfuzat Timury, or autobiographical memoirs tr. into Persian by Abu Talib Hussyny, and into English by Charles Stewart.
260 _c1870
650 _aHISTORY
942 _hV49:21wH36x, A
_cTEXL
_2cc
999 _c1050366
_d1050366